[Event "World Cities Team GpD"]
[Site "Al-Ain UAE"]
[Date "2012.12.22"]
[Round "1.1"]
[White "Safarli, E."]
[Black "Esen, B."]
[Result "1-0"]
[WhiteElo "2626"]
[BlackElo "2576"]
[PlyCount "81"]
[EventDate "2012.12.22"]
[SourceDate "1999.07.01"]
[WhiteTeam "Baku"]
[BlackTeam "Istanbul"]

1. e4 c5 2. Nf3 d6 3. Bb5+ Nd7 4. O-O Ngf6 5. Re1 a6 6. Bf1 b6 7. d4 cxd4 8.
Nxd4 Bb7 9. f3 g6 10. c4 Bg7 11. Nc3 O-O 12. Be3 Rc8 13. Qd2 Re8 14. Rad1 e6
15. Nc2 Bf8 16. Bh6 Be7 17. Qf2 Qc7 18. Kh1 Qb8 19. Rd2 Ba8 20. Red1 Red8 21.
h3 b5 22. cxb5 axb5 23. a3 d5 24. exd5 Bxd5 25. Bg5 Bb3 26. Rxd7 Rxd7 27. Rxd7
Bc5 28. Rd8+ Rxd8 29. Qxc5 Rc8 30. Qxb5 Nh5 31. Qxb8 Rxb8 32. Nb4 f6 33. Bh4
Rd8 34. Be1 f5 35. Kg1 g5 36. a4 Ra8 37. Bb5 Nf4 38. Nc6 Kg7 39. Nd4 Bd5 40.
Nxd5 Nxd5 41. Bc6 1-0

[Event "19th Zadar Open A"]
[Site "Zadar CRO"]
[Date "2012.12.22"]
[Round "9.2"]
[White "Stevic, H."]
[Black "Kozul, Z."]
[Result "1-0"]
[WhiteElo "2622"]
[BlackElo "2638"]
[PlyCount "71"]
[EventDate "2012.12.16"]
[EventType "swiss"]
[SourceDate "1999.07.01"]

1. e4 c5 2. Nf3 d6 3. d4 cxd4 4. Qxd4 a6 5. h3 Nf6 6. c4 e6 7. Nc3 Be7 8. Be2
O-O 9. O-O Qc7 10. Rd1 Nbd7 11. b3 Rd8 12. Bb2 b6 13. Rac1 Bb7 14. Qe3 Rac8 15.
Nd4 Re8 16. Ba3 Nc5 17. Bf3 Qb8 18. g3 Qa8 19. Re1 Bf8 20. Bg2 g6 21. Rcd1 Bg7
22. Kh2 h5 23. Bb2 Nh7 24. Qd2 Red8 25. Qe2 f5 26. b4 Bxd4 27. Rxd4 e5 28. Rxd6
Rxd6 29. bxc5 bxc5 30. Nd5 Bxd5 31. cxd5 fxe4 32. Qxe4 Re8 33. f4 Rf6 34. fxe5
Rf5 35. Qc4 Ng5 36. d6+ 1-0

[Event "SportAccord Rapid Women 2012"]
[Site "Beijing CHN"]
[Date "2012.12.14"]
[Round "3.1"]
[White "Lahno, Kateri"]
[Black "Hou Yifan"]
[Result "0-1"]
[WhiteElo "2553"]
[BlackElo "2606"]
[PlyCount "80"]
[EventDate "2012.12.14"]
[SourceDate "1999.07.01"]

1. e4 c5 2. Nf3 d6 3. d4 cxd4 4. Nxd4 Nf6 5. Nc3 Nc6 6. Bg5 e6 7. Qd2 a6 8.
O-O-O Be7 9. Nxc6 bxc6 10. Bf4 d5 11. Qe3 O-O 12. Be2 a5 13. Qg3 Ba6 14. Bf3
Nd7 15. h4 Bf6 16. e5 Be7 17. Bh6 g6 18. Bxf8 Bxf8 19. h5 Bg7 20. hxg6 hxg6 21.
Be2 Bxe2 22. Nxe2 Nxe5 23. c3 a4 24. a3 Nc4 25. Rh4 Qb6 26. Rxc4 dxc4 27. Qf4
Rb8 28. Rd2 Bf8 29. Nd4 Rb7 30. Qe4 Rd7 31. Re2 c5 32. Nc2 Qd6 33. Ne3 Bh6 34.
Qa8+ Rd8 35. Qxa4 Qh2 36. Kb1 Qg1+ 37. Ka2 Bxe3 38. fxe3 Qf1 39. Qc2 Rd1 40. b3
Rc1 0-1

[Event "SportAccord Blitz Men 2012"]
[Site "Beijing CHN"]
[Date "2012.12.17"]
[Round "11.8"]
[White "Nakamura, Hi"]
[Black "Jobava, Ba"]
[Result "0-1"]
[WhiteElo "2760"]
[BlackElo "2711"]
[PlyCount "112"]
[EventDate "2012.12.16"]
[SourceDate "1999.07.01"]

1. Nf3 c5 2. e4 d6 3. d4 cxd4 4. Nxd4 Nf6 5. Nc3 Nc6 6. Be2 g6 7. O-O Bg7 8.
Nb3 O-O 9. f4 b6 10. Bf3 Bb7 11. Qe2 Nd7 12. Rd1 Bxc3 13. bxc3 Qc7 14. h4 Nc5
15. h5 Na4 16. Bd2 Nb8 17. hxg6 hxg6 18. Qf2 Nd7 19. Qd4 Nac5 20. c4 e5 21. Qe3
exf4 22. Qxf4 Rae8 23. Re1 Ne5 24. Bc3 Ne6 25. Qh4 Qxc4 26. Re3 Kg7 27. Rd1 Qc7
28. Bb4 Nc5 29. Nd4 Qe7 30. Qg3 Bc8 31. Bc3 f6 32. Nb5 Rd8 33. Ba1 Rh8 34. Nd4
Bd7 35. Be2 Rh6 36. Nf5+ Bxf5 37. exf5 Rdh8 38. Kf2 g5 39. Bd4 Rh4 40. Bxc5
Rf4+ 41. Kg1 dxc5 42. Bb5 Rd8 43. Rde1 c4 44. a4 Qc5 45. R1e2 Ng4 46. Re1 Nxe3
47. Qxe3 Qxe3+ 48. Rxe3 Kf8 49. Rh3 Rd1+ 50. Kh2 Rh4 51. Rxh4 gxh4 52. Bxc4 Rd4
53. Bb3 Kg7 54. g3 Kh6 55. gxh4 Rxh4+ 56. Kg3 Kg5 0-1

[Event "Amplico ch-EUR Rapid"]
[Site "Warsaw POL"]
[Date "2012.12.15"]
[Round "5.10"]
[White "Kulaots, K."]
[Black "Socko, B."]
[Result "0-1"]
[WhiteElo "2581"]
[BlackElo "2631"]
[PlyCount "98"]
[EventDate "2012.12.15"]
[SourceDate "1999.07.01"]

1. e4 c5 2. Nf3 d6 3. d4 cxd4 4. Nxd4 Nf6 5. Nc3 g6 6. Be3 Bg7 7. f3 O-O 8. Qd2
Nc6 9. Bc4 Nxd4 10. Bxd4 Be6 11. Bb3 Rc8 12. O-O-O Bxb3 13. cxb3 d5 14. e5 Nd7
15. f4 e6 16. Kb1 f6 17. exf6 Bxf6 18. Rhe1 Bxd4 19. Qxd4 Qf6 20. g3 Qxd4 21.
Rxd4 Rc6 22. Rd2 Nf6 23. Rde2 Kf7 24. Nb5 Rb6 25. Nd4 Ne4 26. Rc1 Re8 27. Nf3
Re7 28. Rc8 Kf6 29. Rec2 g5 30. Rf8+ Kg7 31. Rcc8 gxf4 32. Rg8+ Kf6 33. gxf4
Nd6 34. Rcf8+ Rf7 35. Ne5 Rxf8 36. Rxf8+ Kg7 37. Rd8 Nf5 38. Rd7+ Kh6 39. Ng4+
Kh5 40. Nf6+ Kg6 41. Nxh7 Nd4 42. Nf8+ Kf5 43. Rf7+ Ke4 44. h4 Rc6 45. Rf6 a5
46. h5 Kd3 47. h6 Kd2 48. a4 Rc1+ 49. Ka2 Nc2 0-1

[Event "Amplico ch-EUR Rapid"]
[Site "Warsaw POL"]
[Date "2012.12.15"]
[Round "5.22"]
[White "Bartel, Mat"]
[Black "Klimov, S."]
[Result "1-0"]
[WhiteElo "2629"]
[BlackElo "2504"]
[PlyCount "107"]
[EventDate "2012.12.15"]
[SourceDate "1999.07.01"]

1. e4 c5 2. Nf3 d6 3. c3 Nf6 4. Bd3 g6 5. Bc2 Bg7 6. O-O O-O 7. d4 cxd4 8. cxd4
Nc6 9. Nc3 Bg4 10. Be3 Nd7 11. Ne2 d5 12. h3 Bxf3 13. gxf3 e6 14. Rc1 Nb6 15.
Kg2 Nc4 16. Bb3 Nxe3+ 17. fxe3 Qg5+ 18. Kf2 Rad8 19. f4 Qh4+ 20. Kg2 dxe4 21.
Ng3 e5 22. d5 Bh6 23. Qg4 Qxg4 24. hxg4 Nb4 25. Nxe4 exf4 26. exf4 Nd3 27. Rc7
Nxf4+ 28. Kh1 f5 29. Nf2 Ne2 30. d6+ Kh8 31. Re1 Ng3+ 32. Kg2 Ne4 33. Nxe4 fxe4
34. d7 e3 35. Rf1 Rxf1 36. Kxf1 Bg5 37. Rxb7 a5 38. Rb5 Rf8+ 39. Ke1 Bd8 40.
Ke2 Kg7 41. Kxe3 Kf6 42. Ba4 Kf7 43. Re5 Bb6+ 44. Ke4 Rd8 45. g5 Bc7 46. Re8
Bb6 47. Bb3+ Kg7 48. Re7+ Kh8 49. Be6 Rf8 50. Re8 Kg7 51. Kd5 Bd8 52. Rxd8 Rxd8
53. Kd6 Kf8 54. Bd5 1-0

[Event "Amplico ch-EUR Rapid"]
[Site "Warsaw POL"]
[Date "2012.12.15"]
[Round "6.7"]
[White "Rozentalis, E."]
[Black "Shirov, A."]
[Result "1/2-1/2"]
[WhiteElo "2602"]
[BlackElo "2708"]
[PlyCount "33"]
[EventDate "2012.12.15"]
[SourceDate "1999.07.01"]

1. e4 c5 2. Nf3 d6 3. Bb5+ Bd7 4. Bxd7+ Qxd7 5. O-O Nc6 6. c3 Nf6 7. Re1 e6 8.
d4 cxd4 9. cxd4 d5 10. e5 Ne4 11. Nbd2 Nxd2 12. Bxd2 Be7 13. Rc1 O-O 14. Bg5
Bb4 15. Bd2 Be7 16. Bg5 Bb4 17. Bd2 1/2-1/2

[Event "Amplico ch-EUR Rapid"]
[Site "Warsaw POL"]
[Date "2012.12.16"]
[Round "11.9"]
[White "Bukavshin, I."]
[Black "Rapport, R."]
[Result "0-1"]
[WhiteElo "2510"]
[BlackElo "2621"]
[PlyCount "30"]
[EventDate "2012.12.15"]
[SourceDate "1999.07.01"]

1. Nf3 c5 2. e4 d6 3. d4 cxd4 4. Nxd4 Nf6 5. Nc3 Bd7 6. Bc4 g6 7. f3 Qb6 8. Bb3
Na6 9. Be3 Nc5 10. Qd2 Bg7 11. g4 a5 12. g5 Nh5 13. Nd5 Qd8 14. Bc4 O-O 15.
O-O-O Rb8 0-1

[Event "Russia Cup Final 2012"]
[Site "Khanty-Mansiisk RUS"]
[Date "2012.12.05"]
[Round "1.3"]
[White "Grigoriants, S RUS."]
[Black "Socko, B."]
[Result "1/2-1/2"]
[WhiteElo "2589"]
[BlackElo "2631"]
[PlyCount "98"]
[EventDate "2012.12.04"]
[SourceDate "1999.07.01"]

1. e4 c5 2. Nf3 d6 3. d4 cxd4 4. Nxd4 Nf6 5. Nc3 g6 6. Be3 Bg7 7. f3 O-O 8. Qd2
Nc6 9. Bc4 Nxd4 10. Bxd4 Be6 11. Bxe6 fxe6 12. O-O-O Qa5 13. Kb1 Rac8 14. Rhe1
Nd7 15. Ne2 Qxd2 16. Rxd2 Bxd4 17. Nxd4 e5 18. Ne2 Nf6 19. Rd3 Rc5 20. Rc3 Rxc3
21. Nxc3 g5 22. Kc1 g4 23. fxg4 Nxg4 24. h3 Nf6 25. g4 Kf7 26. Kd2 Kg6 27. Ke3
Kg5 28. Rg1 Kh4 29. g5 Nh5 30. g6 hxg6 31. Rxg6 Kxh3 32. Re6 Rf7 33. Nd5 Kg2
34. Rxe7 Rf3+ 35. Kd2 Ng3 36. Nc3 b5 37. a3 a6 38. Ra7 Nf1+ 39. Kc1 Ne3 40. Kb1
Rf1+ 41. Ka2 Nxc2 42. Rxa6 b4 43. Nd5 bxa3 44. bxa3 Kf3 45. Rxd6 Kxe4 46. Nc3+
Ke3 47. Nd1+ Ke2 48. Nc3+ Ke3 49. Nd1+ Ke2 1/2-1/2

[Event "22nd TCh-SLO 2012"]
[Site "Slovenia SLO"]
[Date "2012.11.25"]
[Round "3"]
[White "Lenic, L."]
[Black "Stevic, H."]
[Result "1/2-1/2"]
[WhiteElo "2637"]
[BlackElo "2622"]
[PlyCount "67"]
[EventDate "2012.11.23"]
[SourceDate "1999.07.01"]
[WhiteTeam "ZSK Maribor"]
[BlackTeam "SD Vrhnika"]

1. Nf3 c5 2. e4 d6 3. d4 cxd4 4. Nxd4 Nc6 5. c4 Nf6 6. Nc3 Nxd4 7. Qxd4 g6 8.
Bg5 Bg7 9. Be2 O-O 10. Qd2 Be6 11. Rd1 Qa5 12. f3 Rfc8 13. Nd5 Qxd2+ 14. Kxd2
Kf8 15. Rb1 Nxd5 16. cxd5 Bd7 17. Rhc1 Bd4 18. Be3 Bxe3+ 19. Kxe3 Rxc1 20. Rxc1
Rc8 21. Rxc8+ Bxc8 22. f4 e5 23. dxe6 Bxe6 24. a3 h6 25. Kd4 Ke7 26. h4 f6 27.
g3 g5 28. b4 gxh4 29. gxh4 b6 30. Ba6 Bf7 31. a4 Bb3 32. a5 bxa5 33. bxa5 Be6
34. Be2 1/2-1/2

[Event "Bundesliga 2012-13"]
[Site "Baden Baden GER"]
[Date "2012.12.08"]
[Round "5"]
[White "Landa, K."]
[Black "Gustafsson, J."]
[Result "1/2-1/2"]
[WhiteElo "2641"]
[BlackElo "2622"]
[PlyCount "179"]
[EventDate "2012.10.20"]
[EventType "team"]
[SourceDate "1999.07.01"]
[WhiteTeam "SV Muelheim-Nord"]
[BlackTeam "OSC Baden-Baden"]

1. e4 c5 2. Nf3 d6 3. d4 cxd4 4. Nxd4 Nf6 5. Nc3 g6 6. Be3 Bg7 7. f3 O-O 8. Qd2
Nc6 9. O-O-O d5 10. Kb1 Nxd4 11. e5 Nf5 12. exf6 exf6 13. Bc5 d4 14. Bxf8 Qxf8
15. Ne2 Ne3 16. Re1 f5 17. Nxd4 f4 18. Rxe3 fxe3 19. Qxe3 Bd7 20. Bd3 Re8 21.
Qf2 Qc5 22. c3 b5 23. Re1 Rxe1+ 24. Qxe1 b4 25. Qh4 Qb6 26. Kc2 bxc3 27. bxc3
Bf6 28. Qf4 Kg7 29. Bc4 Qc5 30. Bb3 a5 31. a4 Qe7 32. Qe4 Qd6 33. f4 h5 34. g3
Qc5 35. Kb2 Kf8 36. Qa8+ Kg7 37. Qe4 Kf8 38. Qe3 Qd6 39. Qd3 Qc5 40. Qe3 Qd6
41. Nf3 Bf5 42. Ne5 Be7 43. Nc4 Qc6 44. Qd4 Qg2+ 45. Nd2 Bf6 46. Qd5 Qxd5 47.
Bxd5 h4 48. Nf3 hxg3 49. hxg3 Bd8 50. Kb3 Bg4 51. Ne5 Bd1+ 52. Ka3 Be7+ 53. Kb2
Bxa4 54. Bxf7 g5 55. Bh5 Kg7 56. fxg5 Bxg5 57. Bf3 Bd8 58. Bc6 Bd1 59. Bf3 Ba4
60. Bc6 Bd1 61. Nc4 Bc7 62. Ne3 Be2 63. Bd7 Kg6 64. Nf5 Bd1 65. Nd4 Bxg3 66.
Kc1 Be1 67. Be8+ Kf6 68. Kxd1 Bxc3 69. Ne2 Ke7 70. Ba4 Bb4 71. Kc2 Kd6 72. Kd3
Ke5 73. Nd4 Kd5 74. Bb3+ Ke5 75. Kc4 Ke4 76. Nc6 Ke3 77. Bc2 Kd2 78. Bf5 Ke3
79. Nd4 Kf4 80. Bc2 Ke3 81. Nb3 Be1 82. Nc5 Bb4 83. Ne6 Kd2 84. Ba4 Ke3 85. Nc7
Ke4 86. Na8 Ke3 87. Nb6 Ke4 88. Nd5 Ke5 89. Nxb4 axb4 90. Kxb4 1/2-1/2

[Event "Bundesliga 2012-13"]
[Site "Emsdetten GER"]
[Date "2012.12.08"]
[Round "5"]
[White "Pruijssers, R."]
[Black "Rogozenco, D."]
[Result "1/2-1/2"]
[WhiteElo "2519"]
[BlackElo "2503"]
[PlyCount "94"]
[EventDate "2012.10.20"]
[EventType "team"]
[SourceDate "1999.07.01"]
[WhiteTeam "SK Turm Emsdetten"]
[BlackTeam "Hamburger SK"]

1. e4 c5 2. Nf3 d6 3. d4 cxd4 4. Nxd4 Nf6 5. Nc3 g6 6. Be3 Bg7 7. f3 Nc6 8. Qd2
O-O 9. g4 Be6 10. Be2 Nxd4 11. Bxd4 Qa5 12. h4 Nd7 13. Bxg7 Kxg7 14. f4 f6 15.
a3 Rac8 16. h5 g5 17. b4 Qc7 18. Nb5 Qxc2 19. Qxc2 Rxc2 20. Nd4 Rxe2+ 21. Kxe2
Bc4+ 22. Kf3 gxf4 23. Nf5+ Kf7 24. Kxf4 Ne5 25. Rhg1 Be6 26. Rg3 Rc8 27. Rd1
Rc2 28. Rf1 Bc4 29. Rfg1 Rf2+ 30. Ke3 Re2+ 31. Kd4 Rd2+ 32. Kc3 Ra2 33. g5
Rxa3+ 34. Kd4 Rxg3 35. Nh6+ Ke6 36. Rxg3 fxg5 37. Ng4 Be2 38. Nxe5 dxe5+ 39.
Ke3 Bxh5 40. Rxg5 Bg6 41. Rg1 a6 42. Rc1 Be8 43. Rc8 Kf7 44. Rc5 Kf6 45. Rc8
Kf7 46. Rc5 Kf6 47. Rc8 Kf7 1/2-1/2

[Event "ch-Commonwealth 2012"]
[Site "Chennai IND"]
[Date "2012.12.01"]
[Round "11"]
[White "Sethuraman, S."]
[Black "Dzhumaev, M."]
[Result "1-0"]
[WhiteElo "2520"]
[BlackElo "2530"]
[PlyCount "75"]
[EventDate "2012.11.23"]
[SourceDate "1999.07.01"]

1. e4 c5 2. Nf3 d6 3. d4 cxd4 4. Nxd4 Nf6 5. Nc3 Nc6 6. Bg5 e6 7. Qd2 Be7 8.
O-O-O O-O 9. Nb3 a6 10. Bxf6 Bxf6 11. Qxd6 Bxc3 12. bxc3 Qf6 13. Qg3 e5 14. Bc4
Be6 15. Bxe6 Qxe6 16. Rd5 Qe7 17. Kb2 b6 18. Rhd1 Rfc8 19. Rd7 Qe8 20. R1d5
Rab8 21. Qd3 b5 22. R5d6 Ra8 23. Qd5 Nd8 24. Nc5 a5 25. Nd3 Ne6 26. Nxe5 Nc5
27. Rxf7 Na4+ 28. Ka1 Nxc3 29. Rxg7+ Kxg7 30. Rd7+ Kh8 31. Nf7+ Kg7 32. Qg5+
Kf8 33. Qh6+ Kg8 34. Ne5 Qxd7 35. Nxd7 b4 36. Qe6+ Kh8 37. Qe5+ Kg8 38. Qe7 1-0

[Event "VIII Governor's Cup"]
[Site "Khanty-Mansiysk RUS"]
[Date "2012.11.18"]
[Round "4.10"]
[White "Pridorozhni, A."]
[Black "Jumabayev, R."]
[Result "1/2-1/2"]
[WhiteElo "2541"]
[BlackElo "2545"]
[PlyCount "112"]
[EventDate "2012.11.15"]
[SourceDate "1999.07.01"]

1. e4 c5 2. Nf3 d6 3. c3 Nf6 4. h3 Nc6 5. Bd3 d5 6. e5 Nd7 7. Bb5 Ndb8 8. O-O
Bf5 9. d4 e6 10. dxc5 Bxc5 11. Bd3 Bxd3 12. Qxd3 Nd7 13. Re1 Be7 14. Nbd2 Nc5
15. Qe2 O-O 16. Nb3 Na4 17. Nfd4 Rc8 18. Nxc6 bxc6 19. Qg4 Nb6 20. Bh6 g6 21.
Bxf8 Bxf8 22. Nd2 Bg7 23. Qe2 Na4 24. Rab1 Qb6 25. Nf3 Rd8 26. Qe3 Qxe3 27.
Rxe3 Rb8 28. b3 Bh6 29. Rd3 c5 30. Nh2 c4 31. Rf3 Nc5 32. Ng4 Bg7 33. b4 Ne4
34. Rd1 h5 35. Nf6+ Bxf6 36. exf6 Kh7 37. h4 Kh6 38. a4 Rb7 39. Re1 a5 40. bxa5
Ra7 41. Rxe4 dxe4 42. Rf4 Rxa5 43. Rxe4 g5 44. Rxc4 gxh4 45. Rxh4 Rc5 46. g4
Rxc3 47. Rxh5+ Kg6 48. Ra5 Kxf6 49. Kg2 Ra3 50. f3 Kg6 51. Kg3 e5 52. Kf2 f6
53. Ra6 Kg5 54. a5 f5 55. gxf5 Kxf5 56. Ra8 Kf4 1/2-1/2

[Event "VIII Governor's Cup"]
[Site "Khanty-Mansiysk RUS"]
[Date "2012.11.19"]
[Round "5.9"]
[White "Savchenko, B."]
[Black "Pridorozhni, A."]
[Result "1-0"]
[WhiteElo "2556"]
[BlackElo "2541"]
[PlyCount "77"]
[EventDate "2012.11.15"]
[SourceDate "1999.07.01"]

1. e4 c5 2. Nf3 d6 3. d4 cxd4 4. Nxd4 Nf6 5. Nc3 g6 6. f3 Bg7 7. Be3 Nc6 8. Qd2
O-O 9. Bc4 Bd7 10. g4 Rc8 11. Be2 Ne5 12. O-O-O Nc4 13. Bxc4 Rxc4 14. h4 b5 15.
Ndxb5 Qb8 16. Nd4 Rfc8 17. h5 a5 18. Rdg1 a4 19. a3 Qb7 20. Nf5 gxf5 21. gxf5
Kf8 22. Qg2 Ke8 23. Qxg7 Bxf5 24. exf5 Rb8 25. Nd1 Qb3 26. Rh2 Rbc8 27. c3 Qa2
28. Re1 Kd7 29. Rc2 Rh4 30. Qg2 Nd5 31. Bg5 Rhc4 32. Re4 R4c5 33. Qe2 Rg8 34.
Rxe7+ Nxe7 35. Qxe7+ Kc6 36. Rd2 d5 37. Be3 d4 38. Qf6+ Kc7 39. Qxd4 1-0

[Event "VIII Governor's Cup"]
[Site "Khanty-Mansiysk RUS"]
[Date "2012.11.23"]
[Round "9.5"]
[White "Kurnosov, I."]
[Black "Geller, J."]
[Result "1/2-1/2"]
[WhiteElo "2645"]
[BlackElo "2559"]
[PlyCount "75"]
[EventDate "2012.11.15"]
[SourceDate "1999.07.01"]

1. e4 c5 2. Nf3 d6 3. d4 cxd4 4. Nxd4 Nf6 5. Nc3 g6 6. Be3 Bg7 7. f3 O-O 8. Qd2
Nc6 9. g4 Nxd4 10. Bxd4 Be6 11. h4 Qa5 12. h5 Rac8 13. a3 Bc4 14. O-O-O Bxf1
15. Rhxf1 Rc4 16. h6 Bh8 17. Bxf6 Bxf6 18. Nd5 Qxd2+ 19. Rxd2 Bg5 20. f4 Bxh6
21. Rh2 Bg7 22. Nxe7+ Kh8 23. Rfh1 h6 24. f5 Rxe4 25. f6 Rxe7 26. fxe7 Re8 27.
Re2 Be5 28. Rxh6+ Kg7 29. Rh3 Rxe7 30. Kd2 Kf6 31. c3 Kg5 32. Rg2 Rc7 33. Kd3
b5 34. Rh7 a5 35. Rf2 Bf4 36. Rg2 Be5 37. Rg1 Re7 38. Rg2 1/2-1/2

[Event "Cultural Village 2012"]
[Site "Wijk aan Zee NED"]
[Date "2012.11.25"]
[Round "6.2"]
[White "Rozentalis, E."]
[Black "Castaneda, Geo"]
[Result "1-0"]
[WhiteElo "2592"]
[BlackElo "2518"]
[PlyCount "77"]
[EventDate "2012.11.19"]
[SourceDate "1999.07.01"]

1. e4 c5 2. Nf3 d6 3. d4 cxd4 4. Qxd4 Nc6 5. Bb5 Bd7 6. Bxc6 Bxc6 7. c4 Nf6 8.
Nc3 g6 9. O-O Bg7 10. Qd3 O-O 11. Nd4 Rc8 12. Rd1 Qa5 13. f3 a6 14. Bd2 Qe5 15.
Be3 Rfd8 16. Rac1 Be8 17. b3 Qa5 18. Qd2 Rb8 19. a4 Rdc8 20. Qf2 Kf8 21. Qh4
Kg8 22. Bh6 Bxh6 23. Qxh6 Qe5 24. Qd2 Rc5 25. Re1 Rbc8 26. Rcd1 Bd7 27. Nd5
Nxd5 28. exd5 Qf6 29. a5 Bf5 30. Re3 R8c7 31. Rde1 Kf8 32. R3e2 Ke8 33. g4 Bc8
34. g5 Qh8 35. Kg2 Kd8 36. Qf4 Qe8 37. Qxd6+ Qd7 38. Qf4 Rxa5 39. Qxf7 1-0

[Event "Chigorin Mem Rapid"]
[Site "St Petersburg RUS"]
[Date "2012.10.26"]
[Round "6.7"]
[White "Demchenko, A."]
[Black "Vocaturo, D."]
[Result "1-0"]
[WhiteElo "2610"]
[BlackElo "2534"]
[PlyCount "69"]
[EventDate "2012.10.25"]
[SourceDate "1999.07.01"]

1. e4 c5 2. Nf3 d6 3. d4 cxd4 4. Nxd4 Nf6 5. Nc3 g6 6. Be3 Bg7 7. f3 O-O 8. Qd2
Nc6 9. Bc4 Bd7 10. O-O-O Qa5 11. Kb1 Rfc8 12. Bb3 Ne5 13. g4 Nc4 14. Bxc4 Rxc4
15. Nb3 Qa6 16. Bd4 Be6 17. h4 Rac8 18. h5 b5 19. Rc1 b4 20. Ne2 R4c6 21. hxg6
fxg6 22. g5 Qa4 23. gxf6 Ra6 24. a3 bxa3 25. Nc3 Qb4 26. Nd5 Qa4 27. Nb4 axb2
28. Bxb2 exf6 29. Nxa6 Qxa6 30. Rhd1 Rc6 31. Qa5 Qc8 32. Rd4 f5 33. Rd3 Ra6 34.
Qd2 Bf8 35. Qc3 1-0

[Event "Bundesliga 2012-13"]
[Site "Bremen GER"]
[Date "2012.11.10"]
[Round "3"]
[White "Burg, T."]
[Black "Lupulescu, C."]
[Result "0-1"]
[WhiteElo "2502"]
[BlackElo "2613"]
[PlyCount "74"]
[EventDate "2012.10.20"]
[EventType "team"]
[SourceDate "1999.07.01"]
[WhiteTeam "SK Turm Emsdetten"]
[BlackTeam "SG Trier"]

1. e4 c5 2. Nf3 d6 3. d4 cxd4 4. Nxd4 Nf6 5. Nc3 Nc6 6. Bg5 e6 7. Qd2 a6 8.
O-O-O Bd7 9. f4 b5 10. Bxf6 gxf6 11. Kb1 Qb6 12. Nxc6 Bxc6 13. f5 b4 14. Ne2 e5
15. Ng3 h5 16. h4 Qc5 17. Qe2 Bb5 18. Qf3 Rc8 19. Bxb5+ axb5 20. Rd2 Bh6 21.
Re2 Ke7 22. Nxh5 Ra8 23. Qf2 Qc7 24. Rh3 Rxa2 25. Kxa2 Ra8+ 26. Kb1 Qa5 27. Ra3
bxa3 28. Qe1 b4 29. b3 a2+ 30. Ka1 Qc5 31. g4 Qd4+ 32. c3 bxc3 33. Rc2 Bd2 34.
Qd1 Rb8 35. Qf1 Rxb3 36. Qa6 Qg1+ 37. Kxa2 Qb1# 0-1

[Event "Bundesliga 2012-13"]
[Site "Eppingen GER"]
[Date "2012.11.10"]
[Round "3"]
[White "Balogh, C."]
[Black "Antoniewski, R."]
[Result "1/2-1/2"]
[WhiteElo "2664"]
[BlackElo "2552"]
[PlyCount "190"]
[EventDate "2012.10.20"]
[EventType "team"]
[SourceDate "1999.07.01"]
[WhiteTeam "SC Eppingen"]
[BlackTeam "SF Berlin 1903"]

1. e4 c5 2. Nf3 d6 3. Bb5+ Nd7 4. c3 Ngf6 5. Qe2 a6 6. Ba4 e5 7. O-O Be7 8. d4
O-O 9. dxe5 Nxe5 10. Nxe5 dxe5 11. c4 Bg4 12. f3 Be6 13. Rd1 Qa5 14. Nc3 Rfd8
15. Bd2 Qc7 16. Bc2 Rd4 17. b3 Rd7 18. a4 a5 19. Be3 Rxd1+ 20. Rxd1 Rd8 21. Nd5
Bxd5 22. cxd5 Ne8 23. Bd3 h6 24. Qd2 b6 25. g3 Nd6 26. f4 Bf6 27. f5 Rc8 28.
Qe2 Qd8 29. h4 Be7 30. Kg2 Qd7 31. Kh3 c4 32. bxc4 Qxa4 33. Bxb6 Nb7 34. Be3
Qd7 35. Qa2 Bb4 36. Bc2 Nd6 37. Bd3 Nb7 38. Rb1 Nc5 39. Qe2 Qd6 40. Bc2 Nd7 41.
Bf2 h5 42. Qxh5 Rxc4 43. Qe2 Qc7 44. Bb3 Rc3 45. Be1 Rc5 46. Bxb4 axb4 47. d6
Qxd6 48. Qa2 Qf8 49. Qa7 Qc8 50. Qa2 Qf8 51. Rd1 Rc7 52. Qa5 Qb8 53. Qd5 Nc5
54. Qd8+ Qxd8 55. Rxd8+ Kh7 56. Bd5 g6 57. fxg6+ Kxg6 58. Rg8+ Kh7 59. Rb8 Nd3
60. Kg4 Rc3 61. Bxf7 Nf2+ 62. Kh5 Rxg3 63. Be6 Nd3 64. Rb7+ Rg7 65. Bf5+ Kg8
66. Rb8+ Kf7 67. Kh6 Rg1 68. h5 Rb1 69. Bg6+ Ke7 70. Kg7 Nf4 71. Rb7+ Kd6 72.
h6 Rg1 73. h7 Kc6 74. Ra7 Kb6 75. h8=Q Kxa7 76. Kf7 Nxg6 77. Qh2 Rg4 78. Qa2+
Kb8 79. Qd2 Nh8+ 80. Kf6 Rg6+ 81. Kf5 Rb6 82. Qd8+ Kb7 83. Qxh8 b3 84. Qh1 b2
85. Qb1 Rb5 86. Kg4 Rb3 87. Kf5 Rb5 88. Ke6 Kc6 89. Kf6 Kb7 90. Ke7 Kc7 91. Ke6
Kc6 92. Kf5 Kb7 93. Kg5 Kb6 94. Kg4 Rb3 95. Kf5 Rb5 1/2-1/2

[Event "TCh-ESP CECLUB Div Honor 2012"]
[Site "Leon ESP"]
[Date "2012.11.05"]
[Round "1.2"]
[White "Castellanos Rodriguez, R."]
[Black "Hamdouchi, H."]
[Result "1/2-1/2"]
[WhiteElo "2515"]
[BlackElo "2623"]
[PlyCount "46"]
[EventDate "2012.11.05"]
[SourceDate "1999.07.01"]
[WhiteTeam "Equigoma Caja Social Catolica"]
[BlackTeam "Gros Xake-Taldea"]

1. e4 c5 2. Nf3 d6 3. d4 cxd4 4. Nxd4 Nf6 5. Nc3 g6 6. Be3 Bg7 7. f3 a6 8. Qd2
Nbd7 9. g4 b5 10. O-O-O Bb7 11. h4 Rc8 12. g5 b4 13. Nce2 Nxe4 14. fxe4 e5 15.
Ne6 fxe6 16. Qxb4 Qc7 17. Nc3 Ke7 18. Bh3 Ba8 19. Qb3 Qc4 20. Qa3 Qc7 21. Qb3
Qc4 22. Qa3 Qc7 23. Qb3 Qc4 1/2-1/2

[Event "Casino Barcelona Masters"]
[Site "Barcelona ESP"]
[Date "2012.10.31"]
[Round "9.4"]
[White "Aroshidze, L."]
[Black "Nielsen, PH."]
[Result "1/2-1/2"]
[WhiteElo "2560"]
[BlackElo "2662"]
[PlyCount "81"]
[EventDate "2012.10.23"]
[SourceDate "1999.07.01"]

1. e4 c5 2. Nf3 d6 3. d4 cxd4 4. Nxd4 Nf6 5. Nc3 g6 6. Be3 Bg7 7. f3 O-O 8. Qd2
Nc6 9. Bc4 Nxd4 10. Bxd4 Be6 11. Bb3 Qa5 12. O-O-O Rfc8 13. Kb1 b5 14. Bxf6
Bxf6 15. Nd5 Qxd2 16. Nxf6+ Kg7 17. Nh5+ gxh5 18. Rxd2 Rc5 19. f4 Kf6 20. Re1
Rg8 21. Rf2 Bxb3 22. axb3 b4 23. Re3 Rg4 24. c3 a5 25. Kc2 e6 26. Kd3 Ke7 27.
Ke2 Rg8 28. c4 a4 29. bxa4 Rxc4 30. Kf3 Rgc8 31. Rd3 b3 32. Rxb3 Rxa4 33. Rd2
Rcc4 34. Rb7+ Kf6 35. Rxd6 Rxe4 36. g3 Reb4 37. Rdd7 Rxb7 38. Rxb7 Rc4 39. Kg2
h4 40. Kh3 hxg3 41. hxg3 1/2-1/2

[Event "4th Marcel Duchamp GM"]
[Site "Buenos Aires ARG"]
[Date "2012.10.30"]
[Round "8"]
[White "Alonso, S."]
[Black "Felgaer, R."]
[Result "1-0"]
[WhiteElo "2506"]
[BlackElo "2579"]
[PlyCount "97"]
[EventDate "2012.10.23"]
[SourceDate "1999.07.01"]

1. e4 c5 2. Nf3 d6 3. d4 cxd4 4. Nxd4 Nf6 5. Nc3 g6 6. Be2 Bg7 7. O-O O-O 8.
Be3 a6 9. a4 Nc6 10. Qd2 Bd7 11. Rfd1 Rc8 12. f3 Re8 13. Nxc6 Bxc6 14. Nd5 Bxd5
15. exd5 Nd7 16. c3 Ne5 17. Bf2 Nc4 18. Qc2 e6 19. Bxc4 Rxc4 20. Qb3 Qc8 21.
dxe6 Rxe6 22. a5 Qc6 23. Qb6 Qd7 24. Rd5 Rc6 25. Qb4 Re2 26. Rad1 Bf8 27. Kf1
Re6 28. c4 Qc8 29. b3 Re5 30. Qd2 Rxd5 31. Qxd5 Qe6 32. Qd3 Qe5 33. Re1 Qxh2
34. Re8 Qh1+ 35. Bg1 Qh5 36. Bd4 d5 37. Qe3 Qh1+ 38. Kf2 Qh4+ 39. Kg1 f6 40.
Bc5 Rxc5 41. Qxc5 Qe1+ 42. Rxe1 Bxc5+ 43. Kf1 Bb4 44. Re8+ Kf7 45. Rb8 Bxa5 46.
cxd5 Ke7 47. Rxb7+ Kd6 48. Rxh7 Kxd5 49. Ra7 1-0

[Event "US Chess League 2012"]
[Site "ICC INT"]
[Date "2012.11.02"]
[Round "9"]
[White "Erenburg, S."]
[Black "Kacheishvili, G."]
[Result "1/2-1/2"]
[WhiteElo "2629"]
[BlackElo "2607"]
[PlyCount "63"]
[EventDate "2012.09.04"]
[SourceDate "1999.07.01"]
[WhiteTeam "Philadelphia"]
[BlackTeam "New York"]

1. e4 c5 2. Nf3 d6 3. d4 cxd4 4. Nxd4 Nf6 5. Nc3 Nc6 6. Bg5 e6 7. Qd2 Be7 8.
O-O-O Nxd4 9. Qxd4 O-O 10. f4 h6 11. Bh4 a6 12. Be2 Nxe4 13. Nxe4 Bxh4 14. Nxd6
Be7 15. Nxc8 Qxc8 16. Qc4 Qxc4 17. Bxc4 Rfd8 18. Bd3 b5 19. Be4 Rab8 20. Rxd8+
Rxd8 21. Rd1 Rxd1+ 22. Kxd1 b4 23. Kd2 f5 24. Bb7 a5 25. c3 Kf7 26. cxb4 axb4
27. Ba6 Kf6 28. Bc4 Bd6 29. g3 g5 30. Ke3 gxf4+ 31. gxf4 e5 32. fxe5+ 1/2-1/2